Personajes de Phineas y Ferb #2 - Estadísticas

Estadísticas generales
  • Esta prueba ha sido intentada 12 veces
  • La puntuación promedio es 3 de 18
Estadísticas de respuestas
Imagen Respuesta % Correcto
Meap
70%
Norm
50%
Pinky
40%
Jenny
20%
Sherman / Swampy
20%
Balloony
10%
Ginger
10%
Gretchen
10%
Holly
10%
Irving
10%
Katie
10%
Milly
10%
Roger
10%
Suzy
10%
Adyson
0%
Bobbi
0%
Danny
0%
Mitch
0%
No se encontraron pruebas coincidentes
Distribución de puntuación
Porcentaje de gente con cada puntuación
Porcentaje por número respondido
Historial de tus puntuaciones
No has intentado esta prueba.